| 000 | 00915nam a22002897a 4500 | ||
|---|---|---|---|
| 001 | 8488 | ||
| 003 | FISKH | ||
| 005 | 20250915152825.0 | ||
| 008 | 250915b cb ||||| |||| 00| 0 eng d | ||
| 020 | _a9781615904990 | ||
| 040 |
_aFISKH _beng _cFISKH _dFISKH |
||
| 050 | _aBF469 .M573 | ||
| 082 | _a591.3 | ||
| 100 | _aMitten, Luana K. | ||
| 245 |
_aGood night, sleep tight / _cBy Luana K. Mitten |
||
| 260 |
_aVero Beach, Florida : _bRourke Publishing , _c2011. |
||
| 300 |
_a24 pages : _bcolor illustrations ; _c20 x 20 cm . |
||
| 490 | _aAnimal Babies and Me | ||
| 505 | _aD | ||
| 520 | _aThis charming book will engage the very young child and the emergent reader as they discover where young animals sleep. | ||
| 521 | 8 |
_a160
_bLexile estimate |
|
| 521 | 8 |
_aD
_bRaz-Plus |
|
| 650 |
_aAnimals _vNon-fiction |
||
| 700 |
_aGreve, Meg _eEditor |
||
| 942 |
_2ddc _cBK _n0 |
||
| 999 |
_c8488 _d8488 |
||